000 00629cas a2200181 a 4500
040 _cDLC
082 0 _a633 CAS 1975 C155 Or.
245 0 0 _a2,000 abstracts on cassava (manihot esculenta Crantz).
246 3 0 _aTwo thousand abstracts on cassava (manihot esculenta Crantz)
260 _a[Cali, Colombia] :
_bCassava Information Center, Centro Internacional de Agricultura Tropical,
_c1975.
300 _a1 volume ;
_c24 cm.
490 1 _aSeries
650 0 _aCassava
650 0 _aCassava
650 7 _aCassava.
710 2 _aCentro de Información sobre Yuca (Centro Internacional de Agricultura Tropical)
942 _cAEDBB
999 _c18875
_d18875